000 00209nam a2200097Ia 4500
008 240331s9999 xx 000 0 und d
082 _bIDA
100 _aIdamaruku, J. ed
245 0 _aBhramana matham
942 _cL
999 _c1490
_d1490